| 000 | 02022cam a22004694i 4500 | ||
|---|---|---|---|
| 003 | PE-LiUPU | ||
| 005 | 20250731173055.0 | ||
| 008 | 150623s1990 ag rb 000 0 spa d | ||
| 035 | _a(Sirsi) a24225 | ||
| 040 |
_aPE-LiUPU _bspa _cPE-LiUPU _erda |
||
| 041 | 1 |
_aspa _heng |
|
| 049 | _aPRUA | ||
| 082 | 0 | 4 |
_a299.93 _bB265e |
| 100 | 1 |
_aBaron, Will, _eautor. |
|
| 245 | 1 | 0 | _aEn las redes de la nueva era / |
| 264 | 1 |
_aBuenos Aires : _bAsociación Casa Editora Sudamericana, _c1990. |
|
| 300 |
_a180 páginas ; _c21 cenetímetros |
||
| 336 |
_atext _2rdacontent |
||
| 337 |
_aunmediated _2rdamedia |
||
| 338 |
_avolume _2rdacarrier |
||
| 505 | 0 | _aCristianos en las redes de la nueva era -- Seducido por los poderes psíquicos -- En la red de la canalización -- Bajo el control del "yo superior" -- Aparece un "Maestro" -- Discípulo de un "espíritu guía" -- Llevado hasta el límite -- El centro de la nueva era estudia la Biblia -- El centro de la nuevaera se "convierte" al cristianismo -- El sacerdocio -- Predicando en las aceras -- Encuentro con cierto espíritu -- Infiltración secreta -- Desenmascarando a la mente maestra del engaño -- Apendices. | |
| 526 | _aSEG42 | ||
| 526 | _aSEG41 | ||
| 526 | _aSEG40 | ||
| 526 | _aSEG39 | ||
| 526 | _aP94 | ||
| 526 | _aP87 | ||
| 526 | _aP86 | ||
| 526 | _aP85 | ||
| 526 | _aP77 | ||
| 526 | _aP76 | ||
| 526 | _aP35 | ||
| 534 |
_pTitulo original : _tDeceived by the new age. |
||
| 650 | 0 | 4 |
_aNueva Era _xEstudio y enseñanza. |
| 942 |
_2ddc _cBOOK |
||
| 949 |
_a299.93 B23 _wDEWEY _c1 _i36691 _lCCODEBUL1 _mBUL _p00.00 _r0 _sY _tBOOK _u2015-06-24 _xTEOLOGIA _0COMPRA _o.STAFF. Colección General |
||
| 949 |
_wDEWEY _c1 _iFT03663 _lCCODEBUT1 _mBUT _p{Dolar}10.00 _r0 _sY _tBOOK _u2018-08-17 _xBIBLIOTECA _zUNKNOWN _o.STAFF. Colección General Tarapoto |
||
| 980 |
_81 _gALBERTO SANCHEZ Responsable de Automatización |
||
| 999 |
_c27680 _d27680 |
||